Chapman Library

Instructors maual to literature: an introduction to reading and writing (Record no. 1013)

000 -LEADER
fixed length control field 00450nam a22001577a 4500
020 ## - INTERNATIONAL STANDARD BOOK NUMBER
ISBN 0130184020
050 ## - LIBRARY OF CONGRESS CALL NUMBER
Classification number PE 1417 rob
100 ## - MAIN ENTRY--AUTHOR NAME
Personal name ROBERT< Edgar V
245 ## - TITLE STATEMENT
Title Instructors maual to literature: an introduction to reading and writing
250 ## - EDITION STATEMENT
Edition statement 6th ed.
260 ## - PUBLICATION, DISTRIBUTION, ETC. (IMPRINT)
Place of publication Upper Saddle River, New Jersey
Name of publisher Prentice Hall Pearson Education
Year of publication 2001
300 ## - PHYSICAL DESCRIPTION
Number of Pages xii,622p.illus
700 ## - ADDED ENTRY--PERSONAL NAME
Personal name JACOB, Henry E
942 ## - ADDED ENTRY ELEMENTS (KOHA)
Koha item type Books
988 ## - PAGINATION/EXTENT
PAGINATION/EXTENT xii,622p.illus
Holdings
Koha item type Collection code Shelving location Accession Number Permanent Location Current Location Date acquired Full call number
BooksReferenceReference0618Chapman LibraryChapman Library2016-08-03Pe 1417 rob


CSUC Chapman Library is a Koha Automated Library.


Contact us: library@csuc.edu.gh.